Technology transfer by State and local government /

Bibliographic Details
Other Authors: Doctors, Samuel I., Eliason, Jo Ann M.
Format: Book
Language:English
Published: Cambridge, Mass. : Oelgeschlager, Gunn & Hain, [1981]
Subjects:

MARC

Tag First Indicator Second Indicator Subfields
LEADER 00000pam a2200000 a 4500
001 in00000085598
005 20151008053229.0
008 810714s1981 maua b 00100 eng
010 |a  81011194  
020 |a 089946050X 
035 |a (OCoLC)07653300 
035 |9 AAH6741AM 
039 0 |a 2  |b 3  |c 3  |d 3  |e 3 
040 |a DLC  |c DLC  |d TXA  |d UtOrBLW 
043 |a n-us--- 
049 |a TXAM  |c [1805596] 
050 0 0 |a HC110 T4  |b  T443 1981 
082 0 |a 338/06  |2 19 
245 0 0 |a Technology transfer by State and local government /  |c edited by Samuel I. Doctors with the assistance of Jo Ann M. Eliason. 
264 1 |a Cambridge, Mass. :  |b Oelgeschlager, Gunn & Hain,  |c [1981] 
264 4 |c ©1981 
300 |a xv, 262 pages :  |b illustrations ;  |c 24 cm. 
336 |a text  |b txt  |2 rdacontent 
337 |a unmediated  |b n  |2 rdamedia 
338 |a volume  |b nc  |2 rdacarrier 
500 |a Includes index. 
504 |a Bibliography: pages 229-251. 
650 0 |a Technological innovations  |z United States. 
650 0 |a Technology transfer  |z United States. 
650 0 |a Local government  |z United States. 
650 0 |a State governments. 
700 1 |a Doctors, Samuel I. 
700 1 |a Eliason, Jo Ann M. 
999 |a MARS 
999 f f |s 12d1278b-168f-3046-b39a-2be0ee373e66  |i bca3afe5-1c76-30d1-89f9-eaf3e1b5cc2c  |t 0 
952 f f |p ric  |a Texas A&M University  |b Rellis Campus  |c Joint Library Facility  |d Remote Storage  |t 0  |e HC110 T4 T443 1981  |h Library of Congress classification  |i unmediated -- volume  |m A14805955100 
998 f f |a HC110 T4 T443 1981  |t 0  |l Remote Storage